Úloha učiteľa v procese humanizácie výchovy a vzdelávania

Saved in:
Bibliographic Details
Main Author: Kunovská, Ingrid, 1976-
Format: Book Chapter
Language:Slovak
Tags: Add Tag
No Tags, Be the first to tag this record!

MARC

LEADER 00000naa$a2200000$$$4500
001 0247536
005 20240502083700.0
041 0 |a slo 
044 |a CZ 
245 1 0 |a Úloha učiteľa v procese humanizácie výchovy a vzdelávania  |c Ingrid Kunovská 
100 1 |a Kunovská, Ingrid, 1976-